Multiple Choice: Pope Names Quiz Stats

 Plays Quiz Updated Jul 13, 2017

Support Sporcle.
Go Orange.
Score 0/18 Timer 02:00
0 Plays Today
Question Answer Wrong Answers
Pick the pope! Linus
98.4%
Lucy
1.6%
Pick the pope! Innocent
96.7%
Guilty
2.5%
Pick the pope! Benedict
92.3%
Beatrice
0.9%
Pick the pope! Sylvester
91.8%
Tweety
2%
Pick the pope! Valentine
89.5%
Christmas
2.2%
Pick the pope! Fabian
88%
Elvis
4%
Pick the pope! Adrian
87.3%
Rocky
2.5%
Pick the pope! Zachary
86.6%
Cody
3.6%
Pick the pope! Leo
82.8%
Taurus
2.2%
Pisces
0.8%
Virgo
2.3%
Pick the pope! Urban
82.6%
Rural
5.9%
Pick the pope! Francis
80.1%
Xavier
9.2%
Pick the pope! Felix
78.6%
Oscar
12.8%
Pick the pope! Martin
73%
Rowan
19.7%
Pick the pope! Victor
70.6%
Hugo
18.1%
Pick the pope! Dionysius
59.1%
Bacchus
30.5%
Pick the pope! Sixtus
57.6%
Fivus
3.5%
Octavian
27.3%
Pick the pope! Lando
50.8%
Calrissian
38.1%
Pick the pope! Julius
44.7%
Augustus
46.3%

You're not logged in!

Compare scores with friends on all Sporcle quizzes.
OR
Log In
Forgot?

From the Vault

Western Movie Posters

by mvheald

Movie genres go in and out of style, but we're always down for a good western.
Remove Ads.
Support Sporcle.
Get the best of Sporcle when you Go Orange. This ad-free experience offers more features, more stats, and more fun while also helping to support Sporcle. Thank you for becoming a member.

Show Comments

Extras

Top Quizzes Today


Score Distribution

Your Account Isn't Verified!

In order to create a playlist on Sporcle, you need to verify the email address you used during registration. Go to your Sporcle Settings to finish the process.

Report this User

Report this user for behavior that violates our Community Guidelines.

Details: